000 00930nam a22002177a 4500
999 _c6829
_d6829
003 AR-CdUCM
008 190319b ||||| |||| 00| 0 eng d
040 _aMUNICIPALIDAD PROVINCIAL DEL CUSCO
_cBIBLIOTECA MUNICIPAL DEL CUSCO
041 _heng
082 _a539 /
_bG82
100 _aGroot, S. R. de
_919246
245 _aTermodinámica de los Procesos Irreversibles /
260 _aEspaña :
_bAlhambra ;
_c1968.
300 _a268 páginas ;
_bFórmulas
_c20cm
440 _aColección Exedra - Ciencia Técnica Ingeniería
_n27
_919247
505 _aContenido: Relaciones recíprocas de Onsager -- Sistemas de un solo componente -- Conducción térmica y eléctrica y fenómenos de relajación -- Sistemas discontinuos sin reacciones químicas Sistemas discontinuos con reacciones químicas...
650 _aFísica
_92382
700 _aAguilar Peris, José (traducción)
_919248
942 _2ddc
_cLIBROS
945 _anom